|
|
|
|
| LEADER |
02225cas a2200337 a 4500 |
| 001 |
AALejournalIMF022342 |
| 008 |
230101c9999 xx r poo 0 0eng d |
| 020 |
|
|
|c 5.00 USD
|
| 020 |
|
|
|z 9781513588001
|
| 022 |
|
|
|a 1018-5941
|
| 040 |
|
|
|a BD-DhAAL
|c BD-DhAAL
|
| 100 |
1 |
|
|a Duval, Romain.
|
| 245 |
1 |
0 |
|a Market Power and Monetary Policy Transmission /
|c Romain Duval, Davide Furceri, Raphael Lee, Marina M. Tavares.
|
| 264 |
|
1 |
|a Washington, D.C. :
|b International Monetary Fund,
|c 2021.
|
| 300 |
|
|
|a 1 online resource (56 pages)
|
| 490 |
1 |
|
|a IMF Working Papers
|
| 500 |
|
|
|a <strong>Off-Campus Access:</strong> No User ID or Password Required
|
| 500 |
|
|
|a <strong>On-Campus Access:</strong> No User ID or Password Required
|
| 506 |
|
|
|a Electronic access restricted to authorized BRAC University faculty, staff and students
|
| 520 |
3 |
|
|a We show that firms' market power dampens the response of their output to monetary policy shocks, using firm-level data for the United States and a large cross-country firm-level dataset for 14 advanced economies. The estimated impact of a firm's markup on its response to a monetary policy shock is large enough to materially affect monetary policy transmission. We also find some evidence that the role of markup in monetary policy transmission, while independent from other channels, is greater for firms whose characteristics - notably size and age - are likely to be associated with greater financial constraints. We rationalize these findings through a simple partial equilibrium model in which borrowing constraints amplify disproportionately low-markup firms' responses to changes in interest rates.
|
| 538 |
|
|
|a Mode of access: Internet
|
| 650 |
|
7 |
|a Central Banks and Their Policies
|2 imf
|
| 650 |
|
7 |
|a Market Structure and Pricing
|2 imf
|
| 650 |
|
7 |
|a Monetary Policy
|2 imf
|
| 650 |
|
7 |
|a Production, Pricing, and Market Structure
|2 imf
|
| 650 |
|
7 |
|a Size Distribution of Firms
|2 imf
|
| 700 |
1 |
|
|a Furceri, Davide.
|
| 700 |
1 |
|
|a Lee, Raphael.
|
| 700 |
1 |
|
|a M. Tavares, Marina.
|
| 830 |
|
0 |
|a IMF Working Papers; Working Paper ;
|v No. 2021/184
|
| 856 |
4 |
0 |
|z Full text available on IMF
|u http://elibrary.imf.org/view/journals/001/2021/184/001.2021.issue-184-en.xml
|z IMF e-Library
|